000 00461pab a2200169 454500
008 180718b2010 xxu||||| |||| 00| 0 eng d
100 _aNanda, Sukanta K.
245 _aAtmospheric pollution and climate change: Need to preserve the global environment
260 _c2010
300 _ap.380-403.
362 _aJul-Dec
650 _aPollution
650 _aClimatic change
773 _aJournal of the Indian Law Institute
908 _aN
909 _a98268
999 _c98267
_d98267